| 000 | 01563nam a2200313 4500 | ||
|---|---|---|---|
| 005 | 20240530110954.0 | ||
| 008 | 221221s2022 ua g b 000 0 ara d | ||
| 017 |
_a20404 _bمصر. دار الكتب |
||
| 020 | _a9789777334266 | ||
| 040 |
_aEG-CaGPL _cEG-CaGPL |
||
| 082 | 0 | 4 |
_221 _a371.207 _bف ر |
| 100 | 0 | _aفايز احمد الحسينى مجاهد | |
| 245 | 1 | 0 |
_aرؤى تربوية معاصرة : _bتطبيقات الذكاء الاصطناعى وتنمية المهارات الحياتية لذوى الاحتياجات الخاصة التعليم الاخضر المواطنة الرقمية التعليم الالكترونى التعليم فى عصر الازمات التاريخ المستقبلى/ _cفايز احمد الحسينى مجاهد |
| 260 |
_aالاسكندرية : _bدار التعليم الجامعى، _c2022. |
||
| 300 |
_a313 ص. ؛ _c24 سم. |
||
| 504 | _aيشتمل على ارجاعات ببليوجرافية | ||
| 650 | 0 | 7 |
_2qrmak _aالتعليم _xوسائل سمعية وبصرية |
| 650 | 0 | 7 |
_2qrmak _aالتعليم _xطرق التدريس |
| 650 | 0 | 7 |
_2qrmak _aالتعليم _xالطرق التجريبية |
| 650 | 0 | 7 |
_2qrmak _aالتخطيط التربوى |
| 650 | 0 | 7 |
_2qrmak _aالسياسة التعليمية |
| 650 | 0 | 7 |
_2qrmak _aالذكاء الاصطناعى |
| 651 | _2qrmak | ||
| 653 | 0 | _aالتعليم الاخضر | |
| 653 | 0 | _aالمواطنة الرقمية | |
| 653 | 0 | _aالتعليم الالكترونى | |
| 942 |
_2ddc _cBK |
||
| 999 |
_c67049 _d67049 |
||